Countries With Nuclear Weapons - Sudden Death - Statistics

General Stats
  • This quiz has been taken 93 times
  • The average score is 7 of 9
Answers on the Grid
Answers color-coded by a green-red scale on the quiz's grid according to % correct below.
UK
USA
China
Russia
France
Israel
North Korea
Pakistan
India
South Korea
Indonesia
Brazil
Bangladesh
Australia
New Zealand
Germany
Spain
Canada
 
Answer Stats
Answer % Correct
USA
91%
North Korea
88%
Russia
88%
France
82%
UK
82%
China
80%
Israel
80%
Pakistan
79%
India
76%
No matching quizzes found
Score Distribution
Percent of People with Each Score
Percentile by Number Answered
Your Score History
You have not taken this quiz